US Presidents - Who came first? - Statistics

General Stats
  • This quiz has been taken 1,155 times
    1,142 since last reset
  • The average score is 9 of 10
Answer Stats
Question Answer % Correct
Who came first? Dwight D. Eisenhower
100%
Who came first? James Madison
97%
Who came first? Ronald Reagan
97%
Who came first? Rutherford B. Hayes
89%
Who came first? George H. W. Bush
85%
Who came first? William McKinley
85%
Who came first? Richard Nixon
84%
Who came first? Franklin Pierce
82%
Who came first? Warren G. Harding
81%
Who came first? William Henry Harrison
75%
No matching quizzes found
Score Distribution
Percent of People with Each Score
Percentile by Number Answered
Your Score History
You have not taken this quiz since the last reset